000 00335nam a2200109Ia 4500
008 200302s9999 xx 000 0 und d
100 _aDaniel G. Parolek & Others
245 _aForm-Based Codes A Guide for Planners, Urban Designers, Municipalities, and Developers
260 _bJohn- Wiley & Sons, Inc.,
260 _c2008
300 _a332
999 _c5359
_d5359